| 000 | 00513nam a2200193Ia 4500 | ||
|---|---|---|---|
| 003 | GCL | ||
| 005 | 20240530100224.0 | ||
| 008 | 140319s9999 xx 000 0 eng d | ||
| 040 |
_aGCL / _cGCL |
||
| 082 | 0 | 4 |
_a792 _bL E |
| 100 | 1 | _aLANDAU, JACOB M . | |
| 245 | 1 | 0 |
_aETUDES SUR LE THEATRE ET LE CINEMA / _cLANDAU, JACOB M . |
| 260 |
_a[S.N] : _bG.P. MAISONNEUVET ET LAROSE ، _c1965 |
||
| 300 | _a260 P | ||
| 650 | 0 | 4 | _aCINEMA, EGYPT |
| 650 | 0 | 4 | _aART - EGYPT |
| 650 | 0 | 4 | _aEGYPT - THEATER |
| 942 |
_2ddc _cBK |
||
| 999 |
_c15347 _d15347 |
||